|
|
|
|
| LEADER |
01002cam a22002771a 4500 |
| 001 |
000034530 |
| 003 |
10729 |
| 005 |
20251001164525.0 |
| 008 |
151027s1995 000 eng |
| 041 |
|
|
|a eng
|
| 082 |
|
|
|a 420.33
|b NG-H
|
| 100 |
|
|
|a Nguyễn Quốc Hùng dịch
|
| 245 |
|
0 |
|a Tiếng Anh thương mại / :
|b Business English /
|c christine Jonhson, Jack Jonergan,Nguyễn Quốc Hùng dịch.
|
| 260 |
|
|
|a TPHCM,
|c 1995.
|
| 300 |
|
|
|a 168tr. : mh ; 30cm.
|
| 650 |
|
|
|a Tiếng Anh thương mại
|b Business English
|
| OWN |
|
|
|a LNN
|
| AVA |
|
|
|a UDN50
|b LNN
|c English
|d 420.33 NG-H
|e available
|t Error 5001 Not defined in file expand_doc_bib_avail.
|f 1
|g 0
|h N
|i 1
|j AN
|k 1
|
| 999 |
|
|
|a From the UDN01
|
| AVA |
|
|
|a UDN50
|b LNN
|c English
|d 420.33 NG-H
|e available
|t Error 5001 Not defined in file expand_doc_bib_avail.
|f 1
|g 0
|h N
|i 1
|j AN
|k 1
|
| TYP |
|
|
|a Monograph
|
| TYP |
|
|
|a Printed language
|
| 980 |
|
|
|a Mạng thư viện Đại học Đà Nẵng
|